Luật thương mại quốc tế : Công pháp quốc tế; Giải quyết tranh chấp quốc tế; Công ty đa quốc gia, Công cụ thanh toán tài chánh quốc tế; Mua bán quốc tế theo công ước Vienna 1980

Một số điều khoản trong Luật Thương mại quốc tế như: công pháp quốc tế, giải quyết tranh chấp quốc tế, công ty đa quốc gia, các công cụ thanh toán tài chính quốc tế và mua bán quốc tế theo công ước Vienna 1980...

Deskribapen osoa

Gorde:
Xehetasun bibliografikoak
Formatua: Liburua
Hizkuntza:Undetermined
Argitaratua: Hà Nội Thống Kê 2000
Gaiak:
Etiketak: Etiketa erantsi
Etiketarik gabe, Izan zaitez lehena erregistro honi etiketa jartzen!
Thư viện lưu trữ: Trung tâm Học liệu Trường Đại học Cần Thơ
LEADER 01044nam a2200193Ia 4500
001 CTU_40345
008 210402s9999 xx 000 0 und d
020 |c 86000 
082 |a 341.75 
082 |b L504 
245 0 |a Luật thương mại quốc tế : 
245 0 |b Công pháp quốc tế; Giải quyết tranh chấp quốc tế; Công ty đa quốc gia, Công cụ thanh toán tài chánh quốc tế; Mua bán quốc tế theo công ước Vienna 1980 
245 0 |c Phạm Minh (biên soạn) 
260 |a Hà Nội 
260 |b Thống Kê 
260 |c 2000 
520 |a Một số điều khoản trong Luật Thương mại quốc tế như: công pháp quốc tế, giải quyết tranh chấp quốc tế, công ty đa quốc gia, các công cụ thanh toán tài chính quốc tế và mua bán quốc tế theo công ước Vienna 1980 
650 |a Commercial law 
980 |a Trung tâm Học liệu Trường Đại học Cần Thơ